| 000 | 01136cam a22003134a 4500 | ||
|---|---|---|---|
| 001 | 2158633 | ||
| 003 | ARRUPE | ||
| 005 | 20160415104749.0 | ||
| 008 | 990623s1999 njuab b 001 0 eng | ||
| 010 | _a 99037739 | ||
| 020 | _a0865437971 (hb) | ||
| 020 | _a086543798X (pbk.) | ||
| 040 |
_aDLC _cDLC _dDLC |
||
| 042 | _apcc | ||
| 043 | _af-gh--- | ||
| 050 | 0 | 0 |
_aBR1463.G5 _bM49 1999 |
| 082 | 0 | 0 |
_a276.67 _221 |
| 100 | 1 |
_aMeyer, Birgit. _923909 |
|
| 245 | 1 | 0 |
_aTranslating the Devil : _breligion and modernity among the Ewe in Ghana / _cBirgit Meyer. |
| 260 |
_aTrenton, NJ : _bAfrica World Press, _c1999. |
||
| 300 |
_axxvi, 265 p. : _bcol. ill., maps ; _c23 cm. |
||
| 504 | _aIncludes bibliographical references (p. [241]-260) and index. | ||
| 650 | 0 |
_aEwe (African people) _zGhana _zPeki _xReligion. _923910 |
|
| 650 | 0 |
_aDevil _xHistory of doctrines _y20th century. _923911 |
|
| 651 | 0 |
_aPeki (Ghana) _xChurch history. _923912 |
|
| 906 |
_a7 _bcbc _corignew _d1 _eocip _f19 _gy-gencatlg |
||
| 942 |
_2lcc _cMONOGRAPH |
||
| 999 |
_c124640 _d124640 |
||